LEADER 00796nam a2200205 4500 001 000000355885 003 CaOOAMICUS 005 20231023141657.0 008 231023s1983 it 000 u ita r 040 $aSeMil$bita 245 00$a5: Annuncio e ascolto della Parola. 264 1$aRoma ; Trani :$bVivere In,$c1983. 300 $aXII, 242 p. ;$c21 cm 773 0 $aMorino, Claudio $tVerbum Dei semen.$dRoma ; Trani : Vivere In, 1983.$g5$w()355878 850 $aSeMil 852 $aSeMil$W1$xVenegono$y1$m2B VII 88$j244152$B247088$CSeMilBibl$Z2$F247088 $81 961 $aCaspani don Pierpaolo - Omaggio 996 $6245$a5: Annuncio e ascolto della Parola$9(OLS)http://semarc/title/446113 996 $6264$aRoma ; Trani :$bVivere In$9(OLS)http://semarc/publisher/39768 LEADER 01157nam a2200265 i 4500 001 000000010373 003 CaOOAMICUS 005 20180830125440.0 008 180830s2012 it u000 u ita u 040 $aSeMil$bita 245 10$aParrocchia Angeli Custodi, Milano :$b50. Anniversario di Fondazione 1962-2012. 260 $a[S.l. :$bs.n.],$c2012. 300 $a10 v. ;$c30 cm. 650 4$aMilano - Chiese - Santi Angeli Custodi.$0(OLS)http://semarc/subject/44746 774 0 $tNostra storia.$g1$w()79820 774 0 $tSacerdoti.$g2$w()254766 774 0 $tVocazioni.$g3$w()254767 774 0 $tVescovo tra noi.$g5$w()254768 774 0 $tParroci dalla nascita ad oggi.$g6$w()254769 774 0 $tOratorio.$g7$w()254770 774 0 $tParrocchia, la chiesa, il mondo.$g8$w()254771 774 0 $t50 anni di catechesi fra gli Angeli Custodi.$g9$w()254772 774 0 $tDove due o tre sono riuniti... Gruppi e Commissioni attraverso i cinquant'anni.$g10$w()254773 996 $6245$aParrocchia Angeli Custodi, Milano :$b50. Anniversario di Fondazione 1962-2012$9(OLS)http://semarc/title/401216 996 $6260$a[S.l. :$bs.n.]$9(OLS)http://semarc/publisher/29751